| 000 | 01653cac a2200373 i 4500 | ||
|---|---|---|---|
| 003 | EG-GICUC | ||
| 005 | 20260121101408.0 | ||
| 008 | 951020s2003 nyu frb 001 0 eng d | ||
| 020 | _a0934143986 | ||
| 040 |
_aDLC _cDLC _dDLC _dEG-GICUC _beng _erda |
||
| 043 | _an-us--- | ||
| 082 | 0 | 0 |
_a341.48 _221 |
| 092 | 0 | 4 | _221 |
| 099 | _aLaw 08 2003 | ||
| 100 | 1 | _aSilverstein, Gordon. | |
| 245 | 1 | 0 |
_aImbalance of powers : _bHow changes to U.S. Law & policy Since 9/11 erode human rights and civil liberties September 2002 - March 2003. |
| 264 |
_aWashington : _bLawyers Cmmittee for Human Rights, _c2003. |
||
| 300 |
_aviii, 108 page ; _c22 cm. |
||
| 336 |
_atext _btxt _2rdacontent |
||
| 337 |
_aunmediated _bn _2rdamedia |
||
| 338 |
_avolume _bnc _2rdacarrier |
||
| 500 | _aImbalance of powers is an update to lawyers committee's A year of loss : Re-examining civil liberties since september 11, Which was published in September 2002. | ||
| 610 | 1 | 0 |
_aUnited States. _bCongress _xPowers and duties. |
| 650 | 0 |
_aConstitutional law _zUnited States. |
|
| 650 | 0 |
_aExecutive power _zUnited States. |
|
| 650 | 0 |
_aSeparation of powers _zUnited States. |
|
| 651 | 0 |
_aUnited States _xForeign relations _xLaw and legislation. |
|
| 856 | 4 | 2 | _uhttps://fll.law.cu.edu.eg/fulltext/bks/ENGB08-00060.pdf |
| 856 | 4 | 2 |
_3Publisher description _uhttp://www.loc.gov/catdir/enhancements/fy0605/95046428-d.html |
| 856 | 4 | 1 |
_3Table of contents only _uhttp://www.loc.gov/catdir/enhancements/fy0605/95046428-t.html |
| 856 | 4 | 2 |
_3Contributor biographical information _uhttp://www.loc.gov/catdir/enhancements/fy0723/95046428-b.html |
| 905 | _a10 | ||
| 942 |
_2ddc _cBK _e21 _n0 |
||
| 999 |
_c47461 _d47461 |
||